000 00699nam a22002297a 4500
999 _c2898
_d2898
003 AR-CdUCM
008 190305b ||||| |||| 00| 0 spa d
020 _a8402047696
040 _aMUNICIPALIDAD PROVINCIAL DEL CUSCO
_cBIBLIOTECA MUNICIPAL DEL CUSCO
082 _a828.10 /
_bSC31
100 _aScortia N. Thomas
_99979
245 _aEl infierno de Cristal /
260 _aBarcelona :
_bBruguera,
_c1976.
300 _a508 páginas ;
_c17 cm.
650 _aNovela Inglesa
_9365
650 _aNarrativa contemporánea
_9227
650 _aSiglo XX
_98
700 _aRobinson, Frank M. (Autor)
_99980
700 _aCorripio, Fernando (Traductor)
_99981
942 _2ddc
_cLIBROS
945 _alccs